00353nam a2200145Ia 4500008004100000082001600041100001800057245001600075250000800091260003300099300001700132500002400149650001600173700001800189230524s9999 xx 000 0 und d a621.38bPAN aSujata Pandey 0aVLSI Design a1ST aNEW DELHIbDhanpat Raic2003 aXI;7.77+A.42 aQuantity Number: 2 aElectronics a Manoj Pandey